VLSI System Design (Record no. 11132)
[ view plain ]
| 000 -LEADER | |
|---|---|
| fixed length control field | 00631 a2200169 4500 |
| 020 ## - INTERNATIONAL STANDARD BOOK NUMBER | |
| International Standard Book Number | 0074602934 |
| 082 ## - DEWEY DECIMAL CLASSIFICATION NUMBER | |
| Classification number | 621.395 |
| 090 ## - LOCALLY ASSIGNED LC-TYPE CALL NUMBER (OCLC); LOCAL CALL NUMBER (RLIN) | |
| -- | 7329 |
| -- | 7329 |
| 100 ## - MAIN ENTRY--PERSONAL NAME | |
| Personal name | Patnaik, L. M. |
| 110 ## - MAIN ENTRY--CORPORATE NAME | |
| Corporate name or jurisdiction name as entry element | Singh, A. D. |
| 245 ## - TITLE STATEMENT | |
| Title | VLSI System Design |
| Remainder of title | Proceeding of the third international workshop on VLSI design, Bangalore, India, January 6-9, 1990 |
| Statement of responsibility, etc. | Patnaik, L. M. |
| 260 ## - PUBLICATION, DISTRIBUTION, ETC. | |
| Place of publication, distribution, etc. | New Delhi (India) |
| Name of publisher, distributor, etc. | The McGraw-Hill |
| Date of publication, distribution, etc. | 1990 |
| 300 ## - PHYSICAL DESCRIPTION | |
| Extent | x, 390 p. ; |
| Other physical details | ill. ; |
| Dimensions | 25 cm. |
| 500 ## - GENERAL NOTE | |
| General note | Includes bibliographical references. |
| 650 ## - SUBJECT ADDED ENTRY--TOPICAL TERM | |
| Topical term or geographic name entry element | 1. Integrated circuit-Very large scale integration--Computer-aided design--congresses. |
| 942 ## - ADDED ENTRY ELEMENTS (KOHA) | |
| Koha item type | Book |
| Call number prefix | 621.395 PAT |
| Withdrawn status | Lost status | Damaged status | Not for loan | Permanent Location | Current Location | Total Checkouts | Full call number | Barcode | Date last seen | Price effective from | Koha item type |
|---|---|---|---|---|---|---|---|---|---|---|---|
| Central Library (CL) | Central Library (CL) | 621.395 PAT | SEECSD00608 | 11/14/2012 | 11/14/2012 | Book |
